[Event "Barcelona Tres Peons op 49th"]
[Site "Barcelona"]
[Date "2020.02.14"]
[Round "6"]
[White "Corominas Garrido, Jordi"]
[Black "Volart Buil, Jordi"]
[Result "1/2-1/2"]
[WhiteElo "1731"]
[BlackElo "1696"]
[PlyCount "27"]
[EventDate "2020.01.10"]
[EventType "swiss"]
[EventRounds "8"]
[EventCountry "ESP"]
[SourceTitle "CBM 195 Extra"]
[Source "ChessBase"]
[SourceDate "2020.05.31"]
[SourceVersion "1"]
[SourceVersionDate "2020.05.31"]
[SourceQuality "1"]

1. c4 b6 2. Nc3 Bb7 3. d4 d5 4. cxd5 Bxd5 5. e4 Bb7 6. Nf3 g6 7. Bf4 a6 8. Be2 Bg7 9. 0-0 Nf6 10. Qc2 Nh5 11. Be3 0-0 12. Rac1 c6 13. e5 f5 14. Ng5 1/2-1/2

[Event "Barcelona Seniors 55 op 6th"]
[Site "Barcelona"]
[Date "2019.05.13"]
[Round "9.9"]
[White "Corominas Garrido, Jordi"]
[Black "Vallbona Domingo, Joan"]
[Result "1/2-1/2"]
[WhiteElo "1742"]
[BlackElo "1886"]
[PlyCount "68"]
[EventDate "2019.03.04"]
[EventType "swiss"]
[EventRounds "9"]
[EventCountry "ESP"]
[SourceTitle "EXT 2024"]
[Source "ChessBase"]
[SourceDate "2023.10.10"]
[SourceVersion "1"]
[SourceVersionDate "2023.10.10"]
[SourceQuality "1"]

1. c4 c5 2. Nc3 Nc6 3. Nf3 g6 4. g3 Bg7 5. Bg2 d6 6. 0-0 e6 7. e4 Nge7 8. Re1 0-0 9. d3 Rb8 10. Nd2 Nd4 11. Nb3 Nec6 12. Bf4 a6 13. a4 b6 14. Nxd4 Nxd4 15. Rb1 Qc7 16. Ne2 Bd7 17. Nxd4 Bxd4 18. Qc2 Rfc8 19. Rec1 Bc6 20. Bd2 Qd7 21. b3 b5 22. axb5 axb5 23. Bc3 bxc4 24. bxc4 Bxc3 25. Qxc3 Rb7 26. d4 Rcb8 27. Rxb7 Qxb7 28. d5 exd5 29. cxd5 Bd7 30. e5 dxe5 31. Qxe5 Re8 32. Qc3 Rc8 33. Re1 Qb6 34. h4 h5 1/2-1/2

[Event "Barcelona Tres Peons 47th"]
[Site "Barcelona"]
[Date "2018.01.12"]
[Round "1.7"]
[White "Corominas Garrido, Jordi"]
[Black "Hernandez Lopez, Jose Miguel"]
[Result "1-0"]
[WhiteElo "2004"]
[BlackElo "1684"]
[PlyCount "59"]
[EventDate "2018.01.12"]
[EventType "swiss"]
[EventRounds "8"]
[EventCountry "ESP"]
[SourceTitle "EXT 2024"]
[Source "ChessBase"]
[SourceDate "2023.10.10"]
[SourceVersion "1"]
[SourceVersionDate "2023.10.10"]
[SourceQuality "1"]

1. c4 Nf6 2. g3 e6 3. Bg2 d5 4. b3 Be7 5. Bb2 0-0 6. Nf3 b6 7. 0-0 Bb7 8. Qc2 Nbd7 9. Nc3 c5 10. e3 a6 11. Rfd1 Qc7 12. Rac1 Rfd8 13. Ne2 Rac8 14. d3 Qb8 15. Nf4 Ba8 16. Qe2 b5 17. Rc2 b4 18. cxd5 exd5 19. Rdc1 h6 20. d4 g5 21. Nd3 cxd4 22. Bxd4 Ne4 23. Nfe5 Nxe5 24. Nxe5 Rxc2 25. Qxc2 Qb5 26. Bf1 Qb7 27. Qc7 Rc8 28. Qxb7 Bxb7 29. Rxc8+ Bxc8 30. Nc6 1-0

[Event "Barcelona Sant Marti op-B 19th"]
[Site "Barcelona"]
[Date "2017.07.18"]
[Round "6"]
[White "Anjali, R Sagar"]
[Black "Corominas Garrido, Jordi"]
[Result "1/2-1/2"]
[WhiteElo "1724"]
[BlackElo "1864"]
[PlyCount "59"]
[EventDate "2017.07.13"]
[EventType "swiss"]
[EventRounds "9"]
[EventCountry "ESP"]
[SourceTitle "EXT 2018"]
[Source "ChessBase"]
[SourceDate "2017.10.13"]
[SourceVersion "1"]
[SourceVersionDate "2017.10.13"]
[SourceQuality "1"]

1. e4 e6 2. d4 d5 3. Nd2 c5 4. Ngf3 cxd4 5. Nxd4 Nc6 6. Bb5 Bd7 7. Nxc6 Bxc6 8. Qe2 a6 9. Bxc6+ bxc6 10. exd5 cxd5 11. 0-0 Nf6 12. Rd1 Qc7 13. c4 Be7 14. cxd5 Nxd5 15. Nf3 0-0 16. Bg5 Bxg5 17. Nxg5 Qb6 18. Qc2 Nf6 19. Rac1 h6 20. Nf3 Rfd8 21. h3 Rxd1+ 22. Rxd1 Rb8 23. b3 Nd5 24. Ne5 Qb7 25. Qc6 Qb5 26. Qd7 Qxd7 27. Nxd7 Rc8 28. Rd2 f6 29. Rd4 Kf7 30. Rc4 1/2-1/2

[Event "Barcelona La Lira op 35th"]
[Site "Barcelona"]
[Date "2017.03.03"]
[Round "7"]
[White "Asensio Linan, Teodoro"]
[Black "Corominas Garrido, Jordi"]
[Result "1-0"]
[WhiteElo "2113"]
[BlackElo "1918"]
[PlyCount "47"]
[EventDate "2017.01.20"]
[EventType "swiss"]
[EventRounds "8"]
[EventCountry "ESP"]
[SourceTitle "EXT 2018"]
[Source "ChessBase"]
[SourceDate "2017.10.13"]
[SourceVersion "1"]
[SourceVersionDate "2017.10.13"]
[SourceQuality "1"]

1. e4 e6 2. d4 d5 3. Nd2 Nf6 4. e5 Nfd7 5. Bd3 c5 6. c3 Nc6 7. Ne2 cxd4 8. cxd4 f6 9. Nf4 Nxd4 10. Qh5+ Ke7 11. exf6+ Nxf6 12. Ng6+ hxg6 13. Qxh8 Kf7 14. 0-0 e5 15. Nf3 Nxf3+ 16. gxf3 Bf5 17. Bxf5 gxf5 18. Bg5 Qd6 19. Rac1 Rd8 20. Bxf6 Kxf6 21. Kh1 d4 22. Rg1 Qd5 23. Qh5 Qf7 24. Qg5+ 1-0